Účtovné a daňové aspekty motorového vozidla v účtovnej jednotke bakalárska práca

Uložené v:
Podrobná bibliografia
Hlavný autor: Lietavová, Nora
Korporativný autor: Fakulta hospodárskej informatiky EU. Katedra účtovníctva a audítorstva
Ďalší autori: Sigetová, Katarína, 1995-
Médium: Kniha
Jazyk:Slovak
Vydavateľské údaje: Bratislava 2021
Tagy: Pridať tag
Žiadne tagy, Buďte prvý, kto otaguje tento záznam!

MARC

LEADER 00000nbm a2200000 4500
001 0276313
005 20220322142235.5
041 0 |a slo 
044 |a SK 
245 1 0 |a Účtovné a daňové aspekty motorového vozidla v účtovnej jednotke  |b bakalárska práca  |c Nora Lietavová ; školiteľ: Katarína Sigetová 
264 1 |a Bratislava  |c 2021 
300 |a 51 s. 
100 1 |a Lietavová, Nora 
700 1 |a Sigetová, Katarína, 1995- 
710 2 |a Fakulta hospodárskej informatiky EU. Katedra účtovníctva a audítorstva